|
|
|
|
| LEADER |
00000cam a22000004a 4500 |
| 001 |
musev2_54578 |
| 003 |
MdBmJHUP |
| 005 |
20230905045703.0 |
| 006 |
m o d |
| 007 |
cr||||||||nn|n |
| 008 |
011127s2001 sp o 00 0 spa d |
| 010 |
|
|
|z 2002496830
|
| 020 |
|
|
|a 9788447216390
|
| 040 |
|
|
|a MdBmJHUP
|c MdBmJHUP
|
| 050 |
0 |
4 |
|a PQ6615.A65
|b Z93 2001
|
| 100 |
1 |
|
|a Vallecillo López, Jose.
|
| 245 |
1 |
3 |
|a El Novelista Manuel Halcón. :
|b Biografía y Personalidad /
|c Jose Vallecillo López.
|
| 264 |
|
1 |
|a Sevilla :
|b Secretariado de Publicaciones de la Universidad de Sevilla,
|c 2001.
|
| 264 |
|
3 |
|a Baltimore, Md. :
|b Project MUSE,
|c 0000
|
| 264 |
|
4 |
|c ©2001.
|
| 300 |
|
|
|a 1 online resource (160 pages):
|b ill., port. ;
|
| 336 |
|
|
|a text
|b txt
|2 rdacontent
|
| 337 |
|
|
|a computer
|b c
|2 rdamedia
|
| 338 |
|
|
|a online resource
|b cr
|2 rdacarrier
|
| 490 |
0 |
|
|a Serie Literatura ;
|v no. 51
|
| 504 |
|
|
|a Includes bibliographical references.
|
| 588 |
|
|
|a Description based on print version record.
|
| 600 |
1 |
0 |
|a Halcón, Manuel.
|
| 655 |
|
7 |
|a Electronic books.
|2 local
|
| 710 |
2 |
|
|a Project Muse.
|e distributor
|
| 830 |
|
0 |
|a Serie Literatura (Universidad de Sevilla) ;
|v no. 51.
|
| 830 |
|
0 |
|a Book collections on Project MUSE.
|
| 856 |
4 |
0 |
|z Texto completo
|u https://projectmuse.uam.elogim.com/book/54578/
|
| 945 |
|
|
|a Project MUSE - Custom Collection
|